<?xml version="1.0" encoding="UTF-8"?>
<record
    xmlns:xsi="http://www.w3.org/2001/XMLSchema-instance"
    xsi:schemaLocation="http://www.loc.gov/MARC21/slim http://www.loc.gov/standards/marcxml/schema/MARC21slim.xsd"
    xmlns="http://www.loc.gov/MARC21/slim">

  <leader>02621cam a2200361 a 4500</leader>
  <controlfield tag="001">15934961</controlfield>
  <controlfield tag="003">OSt</controlfield>
  <controlfield tag="005">20260316121018.0</controlfield>
  <controlfield tag="008">091007s2009    ilu      b    001 0deng  </controlfield>
  <datafield tag="010" ind1=" " ind2=" ">
    <subfield code="a">  2009042074</subfield>
  </datafield>
  <datafield tag="020" ind1=" " ind2=" ">
    <subfield code="a">9780830838813</subfield>
    <subfield code="q">pbk. : alk. paper</subfield>
  </datafield>
  <datafield tag="035" ind1=" " ind2=" ">
    <subfield code="a">15934961</subfield>
  </datafield>
  <datafield tag="035" ind1=" " ind2=" ">
    <subfield code="a">(OCoLC)456729547</subfield>
  </datafield>
  <datafield tag="040" ind1=" " ind2=" ">
    <subfield code="a">DLC</subfield>
    <subfield code="c">DLC</subfield>
    <subfield code="d">YDX</subfield>
    <subfield code="d">BWX</subfield>
    <subfield code="d">YDXCP</subfield>
    <subfield code="d">SGB</subfield>
    <subfield code="d">HNW</subfield>
    <subfield code="d">DLC</subfield>
  </datafield>
  <datafield tag="050" ind1="0" ind2="0">
    <subfield code="a">BS2650.52</subfield>
    <subfield code="b">.T45 2009</subfield>
  </datafield>
  <datafield tag="082" ind1="0" ind2="0">
    <subfield code="a">227/.06</subfield>
    <subfield code="2">22</subfield>
  </datafield>
  <datafield tag="100" ind1="1" ind2=" ">
    <subfield code="a">Thiselton, Anthony C.</subfield>
  </datafield>
  <datafield tag="245" ind1="1" ind2="4">
    <subfield code="a">The living Paul :</subfield>
    <subfield code="b">an introduction to the Apostle's life and thought /</subfield>
    <subfield code="c">Anthony C. Thiselton.</subfield>
  </datafield>
  <datafield tag="260" ind1=" " ind2=" ">
    <subfield code="a">Downers Grove, Ill. :</subfield>
    <subfield code="b">IVP Academic,</subfield>
    <subfield code="c">c2009.</subfield>
  </datafield>
  <datafield tag="300" ind1=" " ind2=" ">
    <subfield code="a">x, 190 p. ;</subfield>
    <subfield code="c">23 cm.</subfield>
  </datafield>
  <datafield tag="336" ind1=" " ind2=" ">
    <subfield code="a">text</subfield>
    <subfield code="b">txt</subfield>
    <subfield code="2">rdacontent</subfield>
  </datafield>
  <datafield tag="337" ind1=" " ind2=" ">
    <subfield code="a">unmediated</subfield>
    <subfield code="b">n</subfield>
    <subfield code="2">rdamedia</subfield>
  </datafield>
  <datafield tag="338" ind1=" " ind2=" ">
    <subfield code="a">volume</subfield>
    <subfield code="b">nc</subfield>
    <subfield code="2">rdacarrier</subfield>
  </datafield>
  <datafield tag="504" ind1=" " ind2=" ">
    <subfield code="a">Includes bibliographical references (p. 163-174) and indexes.</subfield>
  </datafield>
  <datafield tag="505" ind1="0" ind2=" ">
    <subfield code="a">A first obstacle to appreciating Paul : Paul and Jesus -- A second obstacle to appreciating Paul : an 'immense cut'--new creation -- Apostle to the Gentiles (1) : traveller and missionary-pastor -- Apostle to the Gentiles (2) : traveller, pastor, letter-writer -- Jesus Christ in Paul -- Paul's view of God and its Trinitarian implications -- Paul's view of the Holy Spirit -- Paul's view of humanity -- Human alienation and Paul on sin -- The work of Christ and being 'in Christ' -- Justification and the law -- Why the church? -- The ministry of the word -- Baptism and the Lord's Supper or Eucharist -- Paul's ethics and views on Christian lifestyle -- Cosmic and human destiny and the present : resurrection, judgment, and the Parousia -- Paul and postmodernity.</subfield>
  </datafield>
  <datafield tag="520" ind1=" " ind2=" ">
    <subfield code="a">The apostle Paul has long had his admirers and revilers. And contemporary Christians often harbor private misgivings about this prominent apostle. Paul sounds harsh, intolerant, misogynistic, and his gospel surely misconstrues the message of Jesus. "How is it," they want to ask, "that some Christians can speak so fondly of Paul?" Anthony Thiselton is an unabashed admirer of Paul, a student of his letters and a devotee of his gospel. Over a range of issues, Thiselton cleans the lens and sharpens the focus to give us snapshots of Paul's life, mission and thought. --from publisher description</subfield>
  </datafield>
  <datafield tag="600" ind1="0" ind2="0">
    <subfield code="a">Paul,</subfield>
    <subfield code="c">the Apostle, Saint.</subfield>
  </datafield>
  <datafield tag="630" ind1="0" ind2="0">
    <subfield code="a">Bible.</subfield>
    <subfield code="p">Epistles of Paul</subfield>
    <subfield code="x">Criticism, interpretation, etc.</subfield>
  </datafield>
  <datafield tag="906" ind1=" " ind2=" ">
    <subfield code="a">7</subfield>
    <subfield code="b">cbc</subfield>
    <subfield code="c">orignew</subfield>
    <subfield code="d">1</subfield>
    <subfield code="e">ecip</subfield>
    <subfield code="f">20</subfield>
    <subfield code="g">y-gencatlg</subfield>
  </datafield>
  <datafield tag="942" ind1=" " ind2=" ">
    <subfield code="2">lcc</subfield>
    <subfield code="c">BK</subfield>
  </datafield>
  <datafield tag="999" ind1=" " ind2=" ">
    <subfield code="c">21453</subfield>
    <subfield code="d">21452</subfield>
  </datafield>
  <datafield tag="952" ind1=" " ind2=" ">
    <subfield code="0">0</subfield>
    <subfield code="1">0</subfield>
    <subfield code="2">lcc</subfield>
    <subfield code="7">0</subfield>
    <subfield code="a">KABU</subfield>
    <subfield code="b">KABU</subfield>
    <subfield code="c">GEN</subfield>
    <subfield code="d">2026-03-16</subfield>
    <subfield code="e">Donation</subfield>
    <subfield code="i">2025/2414</subfield>
    <subfield code="l">0</subfield>
    <subfield code="o">BS2650.52 .T45 2009 C.1</subfield>
    <subfield code="p">39025</subfield>
    <subfield code="r">2026-03-16 12:11:19</subfield>
    <subfield code="t">C.1</subfield>
    <subfield code="w">2026-03-16</subfield>
    <subfield code="y">BK</subfield>
  </datafield>
</record>
